| 000 | 01045nam a22002657a 4500 | ||
|---|---|---|---|
| 001 | 5791 | ||
| 003 | FISKH | ||
| 005 | 20250122150618.0 | ||
| 008 | 250122b cb ||||| |||| 00| 0 eng d | ||
| 020 | _a9781338053401 | ||
| 040 |
_aFISKH _beng _cFISKH _dFISKH |
||
| 050 | _aPZ7 | ||
| 082 | _a590 | ||
| 100 | _aArnosky, Jim | ||
| 245 |
_aSwamp tories : _bAdventures in wetlands / _cWritten and illustrated by Jim Arnosky |
||
| 260 |
_aNew York : _bScholastic , _c2014 . |
||
| 300 |
_a93 pages : _bcolor illustrations ; _c23 cm . |
||
| 505 | _aZ | ||
| 520 | _a"Award-winning naturalist Jim Arnosky and his wife, Deanna, are your guides in this fascinating and thrilling expedition to nine swamps, bogs, marshes and wet prairies. Feel the hair stand up on the back of your neck as you find yourself inches away from venomous snakes, or alone in a bog with an enormous bear."--Cover p.4. | ||
| 521 | 8 |
_a1170
_bLexile NC |
|
| 521 | 8 |
_aZ
_bRaz-Plus |
|
| 700 |
_aArnosky, Jim _eillustrator |
||
| 942 |
_2ddc _cBK _n0 |
||
| 999 |
_c5791 _d5791 |
||